/ 3



Punjabi bhasha ate viyakaran (Record no. 21841)

MARC details
000 -LEADER
fixed length control field 00314nam a2200133Ia 4500
008 - FIXED-LENGTH DATA ELEMENTS--GENERAL INFORMATION
fixed length control field 090707b ii f a fnsan d
100 ## - MAIN ENTRY--PERSONAL NAME
Personal name Dhiman, Harbans Singh
245 ## - TITLE STATEMENT
Title Punjabi bhasha ate viyakaran
260 ## - PUBLICATION, DISTRIBUTION, ETC.
Place of publication Patiala
260 ## - PUBLICATION, DISTRIBUTION, ETC.
Name of publisher Gagan Prakashan
260 ## - PUBLICATION, DISTRIBUTION, ETC.
Year of publication 2006
300 ## - PHYSICAL DESCRIPTION
Number of Pages 208p
942 ## - ADDED ENTRY ELEMENTS (KOHA)
Koha item type Books
Holdings
Accession Number Cost, replacement price Lost status Damaged status Price effective from Koha item type Not for loan Collection code Withdrawn status Home library Current library Shelving location Date acquired Cost, normal purchase price Source of acquisition
46390 200.00     10/02/2018 Books   Punjabi Department Books   RCL RCL General Stacks 10/02/2018 200.00  
48473 200.00       Books   Punjabi Department Books   RCL RCL General Stacks   200.00 DDC
48474 200.00     03/27/2023 Books   Punjabi Department Books   RCL RCL General Stacks 03/27/2023 200.00  

Find us on the map

Contact Us

RAMANUJAN COLLEGE UNIVERSITY OF DELHI, KALKAJI, NEW DELHI 110019
library@ramaanujan.du.ac.in
011-35002219
https://library.ramanujancollege.ac.in/
ramanujancollegelibrary
                                 
Customized & Maintained by Department of Library
Visitor Counter